| 000 | 00874nam a2200241 a 4500 | ||
|---|---|---|---|
| 001 | BRCA_8070 | ||
| 005 | 20190320210122.0 | ||
| 008 | 020414s1967----mx-o###f##---#000-0#spa-# | ||
| 041 | _aspa | ||
| 044 | _amx | ||
| 050 | 4 |
_aN6550 _b.M46 1967 |
|
| 245 | 1 | 0 |
_aMemoria de la XIV Asamblea General de la Asociación Internacional de Críticos de Arte _b10 al 25 se septiembre de 1962. |
| 260 |
_aMéxico _c[1967] |
||
| 300 |
_a94 p. _bil. _c23 cm. |
||
| 500 | _aY95 | ||
| 546 | _aTexto en: español, francés e inglés | ||
| 650 | 1 | 4 |
_aArte _vCongresos y asambleas _zMéxico _920054 |
| 650 | 1 | 4 |
_aCongresos y asambleas _vMemorias _zMéxico _920055 |
| 710 | 2 |
_aAsociación Internacional de Críticos de Arte _920056 |
|
| 711 | 2 |
_aXIV Asamblea General de la Asociación Internacional de Críticos de Arte _d10-25 septiembre 1962 _cMéxico _920057 |
|
| 902 | _aGFM | ||
| 942 |
_2lcc _cB |
||
| 999 |
_c7738 _d7738 |
||